书目信息 |
| 题名: |
精整工
|
|
| 作者: | 王华春 主编 | |
| 分册: | ||
| 出版信息: | 北京 建材 2010.12 |
|
| 页数: | 450页 | |
| 开本: | 小16开 | |
| 丛书名: | 国家职业资格培训教程 | |
| 单 册: | ||
| 中图分类: | TG335.85 | |
| 科图分类: | ||
| 主题词: | 轧制 | |
| 电子资源: | ||
| ISBN: | 978-7-80227-870-7 | |
| 000 | 00980nam0 2200241 450 | |
| 001 | 994 | |
| 005 | 20161102160604.04 | |
| 010 | @a978-7-80227-870-7@dCNY65.00 | |
| 092 | @aCN@b0002918073 | |
| 100 | @a20101202d2010 em y0chiy0110 ea | |
| 101 | 0 | @achi |
| 105 | @ay z 000yy | |
| 200 | 1 | @a精整工@9jing zheng gong@f王华春主编 |
| 210 | @a北京@c建材@d2010.12 | |
| 215 | @a450页@d小16开 | |
| 225 | 2 | @a国家职业资格培训教程@9guo jia zhi ye zi ge pei xun jiao cheng |
| 330 | @a本教材是按照中国有色金属行业职业技能鉴定指导中心颁布的《精整工》职业标准要求编写的,详细介绍和论述了精整工从初级工到高级技师五个技术等级所应该掌握的知识要求和技能要求,包括板带箔和管棒型线材两部分,内容上力求知识详尽,职业特点突出,易于学习领会,结构上针对职业活动领域,按工序特点划分篇目和章节。 | |
| 461 | 0 | @12001 @a国家职业资格培训教程 |
| 606 | 0 | @a轧制 |
| 690 | @aTG335.85@v4 | |
| 701 | 0 | @a王华春@9wang hua chun@4主编 |
| 801 | 0 | @aCN@b唐山师范学院图书馆@c20160830 |
| 905 | @aZUCC@dTG335.85@e16 | |
| 精整工/王华春主编.-北京:建材,2010.12 |
| 450页;小16开.-(国家职业资格培训教程) |
| ISBN 978-7-80227-870-7:CNY65.00 |
| 本教材是按照中国有色金属行业职业技能鉴定指导中心颁布的《精整工》职业标准要求编写的,详细介绍和论述了精整工从初级工到高级技师五个技术等级所应该掌握的知识要求和技能要求,包括板带箔和管棒型线材两部分,内容上力求知识详尽,职业特点突出,易于学习领会,结构上针对职业活动领域,按工序特点划分篇目和章节。 |
| ● |
| 相关链接 |
|
|
|
|
正题名:精整工
索取号:TG335.85/16
 
预约/预借
| 序号 | 登录号 | 条形码 | 馆藏地/架位号 | 状态 | 备注 |
| 1 | 906440 | 209064402 | 第二样本阅览室/ [索取号:TG335.85/16] | 在馆 | |
| 2 | 906441 | 209064411 | 第三借阅区/ [索取号:TG335.85/16] | 在馆 | |
| 3 | 906442 | 209064420 | 第三借阅区/ [索取号:TG335.85/16] | 在馆 |